[Event "Hessischer Schachverband 1-Niedersaechs"]
[Site "?"]
[Date "2012.09.12"]
[Round "3.2"]
[White "Klundt, Klaus"]
[Black "Leiber, Bernard"]
[Result "1-0"]
[WhiteElo "2266"]
[BlackElo "2132"]
[PlyCount "33"]
[EventDate "2012.??.??"]
[WhiteTeam "Hessischer Schachverband 1"]
[BlackTeam "Niedersächsischer SV 1"]

1. e4 d5 2. exd5 Qxd5 3. Nc3 Qd6 4. d4 Nf6 5. Nf3 a6 6. g3 Bg4 7. h3 Bxf3 8.
Qxf3 Nc6 9. Be3 e6 10. O-O-O O-O-O 11. Bg2 Qd7 12. Bg5 Be7 13. Bxf6 Bxf6 14. d5
exd5 15. Nxd5 Bg5+ 16. Kb1 Qe6 17. h4 1-0

[Event "Hessischer Schachverband 1-Niedersaechs"]
[Site "?"]
[Date "2012.09.12"]
[Round "3.3"]
[White "Dornieden, Manfred"]
[Black "Haakert, Juergen"]
[Result "1/2-1/2"]
[WhiteElo "2100"]
[BlackElo "2322"]
[PlyCount "57"]
[EventDate "2012.??.??"]
[WhiteTeam "Niedersächsischer SV 1"]
[BlackTeam "Hessischer Schachverband 1"]

1. c4 g6 2. Nc3 Bg7 3. g3 Nf6 4. Bg2 O-O 5. Nf3 d6 6. d4 c6 7. O-O Qa5 8. e4 e5
9. dxe5 dxe5 10. Qc2 Na6 11. Bd2 Qc7 12. Na4 Bg4 13. c5 Rfd8 14. Bc3 Nd7 15. b4
Nf8 16. Ne1 b6 17. Nd3 Nb8 18. Nab2 Be6 19. Bd2 Nbd7 20. Be3 Qb7 21. a3 b5 22.
Rfd1 a5 23. bxa5 Rxa5 24. Nb4 Rda8 25. Qc3 R5a7 26. Nc2 Bf6 27. Nd3 Bc4 28. Nb2
Be6 29. Nd3 1/2-1/2

[Event "Hessischer Schachverband 1-Niedersaechs"]
[Site "?"]
[Date "2012.09.12"]
[Round "3.4"]
[White "Isserman, Ryhor"]
[Black "Adibekian, Roubik"]
[Result "0-1"]
[WhiteElo "2273"]
[BlackElo "2052"]
[PlyCount "112"]
[EventDate "2012.??.??"]
[WhiteTeam "Hessischer Schachverband 1"]
[BlackTeam "Niedersächsischer SV 1"]

1. e4 d5 2. exd5 Nf6 3. d4 Bg4 4. Bb5+ Nbd7 5. Be2 Bxe2 6. Qxe2 Nxd5 7. Nf3 e6
8. O-O Be7 9. c4 N5b6 10. Nc3 O-O 11. Bf4 c6 12. Rfd1 Re8 13. Rac1 Nf8 14. Ne4
Ng6 15. Bg3 Bf8 16. Nc5 Qc8 17. Nd3 Nd7 18. h4 Ne7 19. Nde5 Nf5 20. Bf4 Nxe5
21. dxe5 Be7 22. Bg5 Bxg5 23. Nxg5 h6 24. Ne4 Rd8 25. Nd6 Nxd6 26. exd6 c5 27.
Rd3 Qd7 28. Qe5 Rac8 29. Rg3 g6 30. Rd1 Rc6 31. Rgd3 Kh7 32. h5 Rg8 33. Rf3
gxh5 34. Qxh5 f5 35. Qh2 Rcc8 36. Rh3 Rg6 37. Qf4 Rcg8 38. g3 b6 39. Rh4 Rc8
40. b3 Rd8 41. Qe3 Qg7 42. Rf4 Qf6 43. Qd3 Kh8 44. a3 Rg5 45. b4 Qe5 46. Rf3 f4
47. Kg2 h5 48. Kf1 Rf5 49. d7 Kg7 50. gxf4 Rxf4 51. Rg3+ Rg4 52. Re1 Rxg3 53.
fxg3 Rf8+ 54. Kg2 Qxe1 55. g4 Qf2+ 56. Kh1 Qf1+ 0-1

[Event "Bayerischer Schachbund 1-Badischer Scha"]
[Site "?"]
[Date "2012.09.12"]
[Round "3.5"]
[White "Nekrasov, Mihail"]
[Black "Roeder, Gerd"]
[Result "1-0"]
[WhiteElo "2282"]
[BlackElo "2095"]
[PlyCount "119"]
[EventDate "2012.??.??"]
[WhiteTeam "Badischer Schachverband 1"]
[BlackTeam "Bayerischer Schachbund 1"]

1. e4 c5 2. Nf3 Nc6 3. d4 cxd4 4. Nxd4 Nf6 5. Nc3 e5 6. Ndb5 d6 7. Bg5 a6 8.
Na3 Be7 9. Nc4 O-O 10. Bxf6 Bxf6 11. Qxd6 Qxd6 12. Nxd6 Be6 13. Nd5 Bxd5 14.
exd5 Nb4 15. O-O-O Rfd8 16. Ne4 Rxd5 17. Bc4 Rd4 18. Rxd4 exd4 19. Nxf6+ gxf6
20. a3 Rc8 21. Bxf7+ Kxf7 22. axb4 Rc4 23. b5 axb5 24. Rd1 Ke6 25. b3 Rc5 26.
Rxd4 Rh5 27. h3 Rg5 28. g3 Rh5 29. Rb4 Kd6 30. Kd2 Kc5 31. Rf4 Rxh3 32. Rxf6
Rh5 33. c3 Rd5+ 34. Ke3 Re5+ 35. Kd3 Rd5+ 36. Ke4 Rd2 37. Ke3 Rd7 38. Rf5+ Kc6
39. Rh5 Re7+ 40. Kd4 Rd7+ 41. Ke4 Re7+ 42. Re5 Rf7 43. f4 Rg7 44. Kf3 Rd7 45.
g4 Rd1 46. g5 Rc1 47. Re3 Rb1 48. b4 Rc1 49. Rd3 Rg1 50. Ke4 h6 51. Kf5 hxg5
52. fxg5 Rf1+ 53. Ke6 Re1+ 54. Kf6 Rf1+ 55. Kg7 Rg1 56. g6 Rg2 57. Kf7 Rf2+ 58.
Kg8 Rg2 59. g7 Rg1 60. Rh3 1-0

[Event "Bayerischer Schachbund 1-Badischer Scha"]
[Site "?"]
[Date "2012.09.12"]
[Round "3.6"]
[White "Fischer, Gerd"]
[Black "Werner, Clemens"]
[Result "1/2-1/2"]
[WhiteElo "2038"]
[BlackElo "2260"]
[Annotator "Hoppe,Frank"]
[PlyCount "97"]
[EventDate "2012.??.??"]
[WhiteTeam "Bayerischer Schachbund 1"]
[BlackTeam "Badischer Schachverband 1"]

1. e4 c5 2. f4 d5 3. Nc3 dxe4 4. Nxe4 Qc7 5. d3 b6 6. Be2 Nc6 7. Bf3 Bb7 8. Ne2
e6 9. O-O Be7 10. Bd2 Rd8 11. Bc3 Nd4 12. Nxd4 cxd4 13. Bd2 Nh6 14. Rc1 O-O 15.
Ng3 Bd5 16. a3 Rfe8 17. Be4 g6 18. c4 dxc3 19. Bxc3 Qd7 20. Qe2 Nf5 21. Be5
Nxg3 22. hxg3 Rc8 23. g4 Rxc1 24. Rxc1 Rc8 25. Rxc8+ Qxc8 26. Bxd5 Qc5+ 27. Kh2
Qxd5 28. Qe4 {R} Qxe4 29. dxe4 f5 30. exf5 exf5 31. gxf5 gxf5 32. a4 Kf7 33.
Kg3 Ke6 34. Kf3 Bd6 35. Bc3 h5 36. b3 Kd5 37. Ke3 a6 38. Bd2 Kc5 39. Kd3 b5 40.
axb5 axb5 41. Ke3 Kd5 42. Kd3 Bc7 43. Be3 Ba5 44. Bf2 Bb4 45. Be3 Be1 46. Bb6
Bg3 47. Be3 Bh2 48. Bc1 Bg1 49. Ba3 1/2-1/2

[Event "Bayerischer Schachbund 1-Badischer Scha"]
[Site "?"]
[Date "2012.09.12"]
[Round "3.7"]
[White "Schulze, Ulrich"]
[Black "Oechslein, Rainer"]
[Result "1/2-1/2"]
[WhiteElo "2226"]
[BlackElo "2153"]
[PlyCount "45"]
[EventDate "2012.??.??"]
[WhiteTeam "Badischer Schachverband 1"]
[BlackTeam "Bayerischer Schachbund 1"]

1. d4 Nf6 2. Nf3 g6 3. c4 Bg7 4. g3 O-O 5. Bg2 d6 6. O-O Nc6 7. Nc3 a6 8. b3
Rb8 9. Bb2 b5 10. cxb5 axb5 11. Rc1 Bd7 12. d5 Na7 13. Nd4 e5 14. Nc6 Nxc6 15.
dxc6 Be6 16. Nd5 Nxd5 17. Bxd5 Qc8 18. b4 Ra8 19. a3 f5 20. Qb3 Re8 21. Rfe1 e4
22. Bxg7 Kxg7 23. e3 1/2-1/2

[Event "Bayerischer Schachbund 1-Badischer Scha"]
[Site "?"]
[Date "2012.09.12"]
[Round "3.8"]
[White "Krause, Christian"]
[Black "Biebinger, Gerhard"]
[Result "1/2-1/2"]
[WhiteElo "2051"]
[BlackElo "2211"]
[PlyCount "55"]
[EventDate "2012.??.??"]
[WhiteTeam "Bayerischer Schachbund 1"]
[BlackTeam "Badischer Schachverband 1"]

1. c4 c5 2. Nc3 g6 3. g3 Bg7 4. Bg2 Nc6 5. e4 Nf6 6. Nge2 O-O 7. O-O Ne8 8. d3
Nc7 9. Rb1 d6 10. a3 Bg4 11. f3 Bd7 12. b4 b6 13. b5 Nd4 14. Nd5 Nxe2+ 15. Qxe2
Ne6 16. f4 Nd4 17. Qd1 a6 18. a4 axb5 19. axb5 e6 20. Nc3 Ra7 21. Bb2 Qc7 22.
Ne2 Nxe2+ 23. Qxe2 Ra2 24. Qc2 Rfa8 25. Qb3 Bxb2 26. Rxb2 R8a3 27. Qxa2 Rxa2
28. Rxa2 1/2-1/2

[Event "Landesschachverband Sachsen-Berliner Sc"]
[Site "?"]
[Date "2012.09.12"]
[Round "3.9"]
[White "Gruzmann, Boris"]
[Black "Bodach, Hans"]
[Result "1/2-1/2"]
[WhiteElo "2308"]
[BlackElo "2136"]
[Annotator "Jaeger,André"]
[PlyCount "160"]
[EventDate "2012.??.??"]
[WhiteTeam "Berliner Schachverband 2"]
[BlackTeam "Landesschachverband Sachsen"]

1. e4 c5 2. Nf3 Nc6 3. d4 cxd4 4. Nxd4 d6 5. c4 Nf6 6. Nc3 g6 7. f3 Bg7 8. Be3
Bd7 9. Qd2 O-O 10. Be2 a6 11. O-O Rc8 12. Rac1 Re8 13. Rfd1 Nxd4 14. Bxd4 Qc7 {
(=)} 15. b4 Qb8 16. a4 Be6 17. Nd5 Nxd5 18. exd5 Bd7 19. a5 Bxd4+ 20. Qxd4 Rc7
21. f4 Qc8 22. h3 f6 23. Kh2 Kf7 24. Re1 h5 25. Bd1 Bf5 26. Bb3 Kf8 27. Qe3 Rd8
28. c5 dxc5 29. bxc5 Qd7 30. d6 exd6 31. cxd6 Qxd6 32. Rcd1 Bd3 33. Rxd3 Qxd3
34. Qe6 Kg7 35. Rd1 Qxd1 36. Bxd1 Rxd1 37. f5 g5 38. Qe8 Rf7 39. Qe2 Rd5 40.
Qxh5 Rxf5 41. h4 Rxa5 42. Qg4 Re5 43. g3 Rc7 44. Kh3 b5 45. Qd1 Rce7 46. Qd6 a5
47. hxg5 fxg5 48. Kg4 b4 49. Kh5 g4+ 50. Kh4 b3 51. Qd4 a4 52. Qxg4+ Kh7 53.
Qd1 Re4+ 54. Kh3 R7e6 55. Qd7+ Kg6 56. Qc8 Kf5 57. Qc5+ R6e5 58. Qc8+ Kf6 59.
Qc6+ Kg5 60. Qc1+ Re3 61. Qc7 R5e4 62. Qg7+ Kf5 63. Qf8+ Ke6 64. Qc5 Rd3 65.
Qc6+ Ke5 66. Qc5+ Rd5 67. Qc3+ Kd6 68. g4 Rdd4 69. g5 Rh4+ 70. Kg2 Rdg4+ 71.
Kf1 Rh1+ 72. Kf2 Rh2+ 73. Kf1 b2 74. Qf6+ Kc5 75. Qf5+ Kb6 76. Qe6+ Kb5 77.
Qf5+ Kc6 78. Qe6+ Kb5 79. Qf5+ Kb6 80. Qe6+ Ka5 1/2-1/2

[Event "Landesschachverband Sachsen-Berliner Sc"]
[Site "?"]
[Date "2012.09.12"]
[Round "3.11"]
[White "Rohde, Wolfgang"]
[Black "Knaak, Joachim"]
[Result "0-1"]
[WhiteElo "2113"]
[BlackElo "2079"]
[PlyCount "110"]
[EventDate "2012.??.??"]
[WhiteTeam "Berliner Schachverband 2"]
[BlackTeam "Landesschachverband Sachsen"]

1. d4 d5 2. Nf3 c6 3. c4 e6 4. Qc2 Nf6 5. Nc3 Nbd7 6. e4 dxe4 7. Nxe4 Nxe4 8.
Qxe4 Nf6 9. Qh4 Bb4+ 10. Bd2 Bxd2+ 11. Nxd2 O-O 12. O-O-O Qa5 13. Bd3 Qh5 14.
Qf4 Rd8 15. Nf3 b5 16. Ne5 bxc4 17. Bxc4 Nd5 18. Bxd5 cxd5 19. g4 Qh6 20. g5
Qh5 21. Rhg1 Rf8 22. f3 Ba6 23. Rg4 Qh3 24. Rdg1 Rac8+ 25. Kd2 Rc7 26. Rh4 Qf5
27. Qxf5 exf5 28. Rc1 Rxc1 29. Kxc1 f6 30. gxf6 Rxf6 31. Rh3 f4 32. Rh4 Bc8 33.
Kd2 h6 34. Rh5 Kh7 35. Nd3 g5 36. h4 Kg6 37. hxg5 hxg5 38. Rh8 Bf5 39. Ne5+ Kg7
40. Rd8 Rb6 41. b3 Be6 42. Kc3 Rb7 43. Rd6 Kf6 44. b4 Rc7+ 45. Kd2 Ke7 46. Ra6
Bf5 47. Rxa7 Rxa7 48. Nc6+ Kd6 49. Nxa7 Bd7 50. b5 Kc7 51. Nc6 Bxc6 52. bxc6
Kxc6 53. Ke2 Kb5 54. Kf2 Kc4 55. a4 Kxd4 0-1

[Event "Schleswig-Holstein 1-Schachbund NRW 2"]
[Site "?"]
[Date "2012.09.12"]
[Round "3.14"]
[White "Neumann, Joachim"]
[Black "Goy, Udo"]
[Result "1/2-1/2"]
[WhiteElo "1996"]
[BlackElo "2074"]
[Annotator "Jaeger,André"]
[PlyCount "35"]
[EventDate "2012.??.??"]
[WhiteTeam "Schleswig-Holstein 1"]
[BlackTeam "Schachbund NRW 2"]

1. c4 e5 2. g3 Nc6 3. Bg2 Nf6 4. Nc3 Bb4 5. Nd5 a5 6. e3 d6 7. Ne2 O-O 8. O-O
Bf5 9. d3 Nxd5 10. cxd5 Ne7 11. d4 exd4 12. Nxd4 Bg6 13. a3 Bc5 14. b3 Nf5 15.
Nxf5 Bxf5 16. Bb2 Re8 17. b4 Bb6 18. Bd4 {(=)} 1/2-1/2

[Event "Schleswig-Holstein 1-Schachbund NRW 2"]
[Site "?"]
[Date "2012.09.12"]
[Round "3.15"]
[White "Lehmensick, Jochen"]
[Black "Boettcher, Ulrich"]
[Result "1/2-1/2"]
[WhiteElo "2069"]
[BlackElo "1956"]
[Annotator "Hoppe,Frank"]
[PlyCount "74"]
[EventDate "2012.??.??"]
[WhiteTeam "Schachbund NRW 2"]
[BlackTeam "Schleswig-Holstein 1"]

1. d4 f5 2. g3 Nf6 3. Bg2 g6 4. Nd2 Bg7 5. e4 fxe4 6. Nxe4 O-O 7. f4 e6 8.
Nxf6+ Qxf6 9. Nf3 Nc6 10. Be3 d6 11. O-O Bd7 12. Qd2 Rae8 {R} 13. Rae1 Bc8 14.
c4 Ne7 15. b4 a6 16. Kh1 Bd7 17. d5 Nf5 18. Bf2 h5 19. Ng5 c6 20. dxc6 Bxc6 21.
Bxc6 bxc6 22. Ne4 Qe7 23. c5 d5 24. Ng5 e5 25. fxe5 Bxe5 26. Nf3 Qf6 27. Nxe5
Rxe5 28. Rxe5 Qxe5 29. Re1 Qf6 30. Kg1 d4 31. Qe2 Rd8 32. Rd1 Qf7 33. Qxa6 Qd5
34. Qa3 d3 35. Qb3 Qxb3 36. axb3 d2 37. Kf1 Rd3 1/2-1/2

[Event "Schleswig-Holstein 1-Schachbund NRW 2"]
[Site "?"]
[Date "2012.09.12"]
[Round "3.16"]
[White "Seeck, Horst"]
[Black "Gross, Werner"]
[Result "0-1"]
[WhiteElo "1870"]
[BlackElo "2076"]
[Annotator "Hoppe,Frank"]
[PlyCount "78"]
[EventDate "2012.??.??"]
[WhiteTeam "Schleswig-Holstein 1"]
[BlackTeam "Schachbund NRW 2"]

1. d4 Nf6 2. c4 e6 3. Nf3 b6 4. g3 Ba6 5. Qa4 c5 6. Bg2 Bb7 7. e3 Be7 8. Nc3
O-O 9. O-O d5 10. Ne5 Ne4 11. cxd5 Nxc3 12. bxc3 exd5 13. f4 f6 14. Nf3 Bc6 15.
Qc2 c4 16. Nd2 f5 17. Nf3 Nd7 18. Bh3 g6 19. g4 fxg4 20. Bxg4 Nf6 21. Be6+ Kg7
22. Ne5 Qd6 23. Bh3 Ne4 24. a4 Qc7 25. Bg2 Bb7 26. Bxe4 dxe4 27. Ba3 Bxa3 28.
Rxa3 Rf5 29. Qe2 Bd5 30. Raa1 Raf8 31. Kh1 Rh5 32. Qg4 Rff5 33. Rg1 Kh8 34. Rg2
Be6 35. Qg3 Qg7 36. a5 b5 37. a6 Bc8 38. Ra5 Bd7 39. Ra1 Rf6 {ZÜ} 0-1

[Event "Schachbund NRW 1-Berliner Schachverband"]
[Site "?"]
[Date "2012.09.12"]
[Round "3.17"]
[White "Baumbach, Friedrich"]
[Black "Rotstein, Jefim"]
[Result "1/2-1/2"]
[WhiteElo "2146"]
[BlackElo "2265"]
[PlyCount "120"]
[EventDate "2012.??.??"]
[WhiteTeam "Berliner Schachverband 1"]
[BlackTeam "Schachbund NRW 1"]

1. d4 Nf6 2. c4 c5 3. Nf3 cxd4 4. Nxd4 e5 5. Nb5 d5 6. cxd5 Bc5 7. e3 O-O 8.
N5c3 e4 9. Be2 Re8 10. Nd2 Na6 11. a3 Bf5 12. b4 Bd6 13. Nc4 Bf8 14. Bb2 Rc8
15. Qd4 Rc7 16. O-O Rd7 17. Rfd1 Qb8 18. h3 Nc7 19. Na5 Nfxd5 20. Nxd5 Rxd5 21.
Qc4 Red8 22. Rxd5 Rxd5 23. Rc1 Bd6 24. g4 Bg6 25. Qc2 h5 26. Nc4 Ne6 27. Nxd6
Qxd6 28. Rd1 Ng5 29. Rxd5 Qxd5 30. Qc3 Ne6 31. Qe5 Qd2 32. gxh5 Qxe2 33. hxg6
Qd1+ 34. Kh2 Qf3 35. gxf7+ Kxf7 36. Qg3 Qe2 37. Be5 Qa2 38. h4 Qxa3 39. h5 Qxb4
40. Qg6+ Ke7 41. Bxg7 Qd6+ 42. Kg2 Qd1 43. Bf6+ Kd6 44. h6 Qf3+ 45. Kg1 Nf8 46.
Qg5 Kc6 47. Bg7 Nh7 48. Qg6+ Kd5 49. Qg3 Qxg3+ 50. fxg3 a5 51. Kf1 b5 52. Ke2
b4 53. Kd2 a4 54. Kc2 Kc4 55. Kb2 Kd3 56. Bd4 Ke2 57. Bc5 Kf3 58. Bxb4 Kxe3 59.
Ka3 Kf3 60. Be1 Ke2 1/2-1/2

[Event "Schachbund NRW 1-Berliner Schachverband"]
[Site "?"]
[Date "2012.09.12"]
[Round "3.18"]
[White "Bakhmatov, Eduard"]
[Black "Postler, Reinhard"]
[Result "1-0"]
[WhiteElo "2191"]
[BlackElo "2217"]
[Annotator "Jaeger,André"]
[PlyCount "70"]
[EventDate "2012.??.??"]
[WhiteTeam "Schachbund NRW 1"]
[BlackTeam "Berliner Schachverband 1"]

1. e4 c5 2. Nf3 e6 3. d4 cxd4 4. Nxd4 a6 5. Nc3 Qc7 6. g3 Nf6 7. Bg2 d6 8. O-O
Bd7 9. a4 Nc6 10. Nde2 Be7 11. b3 O-O 12. Bb2 Rad8 13. Nf4 Rfe8 14. Qe2 Bc8 15.
Rad1 b6 16. h3 Bf8 17. Qe3 Nb4 18. Qc1 Bb7 19. Rfe1 Rc8 20. Re2 Red8 21. Nd3 d5
22. exd5 Nbxd5 23. Nxd5 Nxd5 24. c4 Nb4 25. Nf4 Bxg2 26. Kxg2 Qc6+ 27. f3 Rxd1
28. Qxd1 b5 29. axb5 axb5 30. Re4 Ra8 31. Kh1 Ra2 32. Bc3 bxc4 33. Rxc4 Qa8 34.
Rd4 Nc6 35. Rd3 e5 {Notation unleserlich/lückenhaft. 1-0 um den 39. Zug.} 1-0

[Event "Schachbund NRW 1-Berliner Schachverband"]
[Site "?"]
[Date "2012.09.12"]
[Round "3.19"]
[White "Rahls, Peter"]
[Black "Rosen, Willy"]
[Result "0-1"]
[WhiteElo "2200"]
[BlackElo "2217"]
[PlyCount "82"]
[EventDate "2012.??.??"]
[WhiteTeam "Berliner Schachverband 1"]
[BlackTeam "Schachbund NRW 1"]

1. e4 c5 2. c3 Nf6 3. e5 Nd5 4. d4 cxd4 5. cxd4 d6 6. Nf3 Nc6 7. Bc4 Nb6 8. Bb3
dxe5 9. d5 Na5 10. Nc3 f6 11. Be3 Bd7 12. Bc2 g6 13. h4 Bg7 14. h5 f5 15. Qe2
Rc8 16. Rd1 Nac4 17. Bb3 Qc7 18. Bxb6 Nxb6 19. hxg6 hxg6 20. Rxh8+ Bxh8 21. Nh4
Qd6 22. Qd2 Qf6 23. Qh6 g5 24. Qh5+ Kd8 25. Nf3 g4 26. Ng5 Kc7 27. d6+ Kb8 28.
Nf7 e6 29. Qh7 Bg7 30. Qh5 Rf8 31. Ng5 Be8 32. Qh2 Qxg5 33. Bxe6 Bd7 34. Bxd7
Nxd7 35. Qg3 e4 36. Nd5 Be5 37. Qb3 Nc5 38. Qb5 Bxd6 39. Ne3 Nd3+ 40. Kd2 g3
41. Qd5 Bb4+ 0-1

[Event "Schachbund NRW 1-Berliner Schachverband"]
[Site "?"]
[Date "2012.09.12"]
[Round "3.20"]
[White "Schippan, Bernhard"]
[Black "Thormann, Wolfgang"]
[Result "1/2-1/2"]
[WhiteElo "2193"]
[BlackElo "2200"]
[PlyCount "59"]
[EventDate "2012.??.??"]
[WhiteTeam "Schachbund NRW 1"]
[BlackTeam "Berliner Schachverband 1"]

1. e4 Nc6 2. Nf3 d6 3. d4 Nf6 4. Nc3 Bg4 5. Be2 e6 6. O-O Be7 7. d5 exd5 8.
exd5 Nb8 9. Nd4 Bxe2 10. Qxe2 O-O 11. Nf5 Re8 12. Qf3 Qd7 13. Bg5 Bd8 14. Rae1
Na6 15. a3 Kf8 16. Re3 Ng8 17. Bxd8 Raxd8 18. Rfe1 Rxe3 19. Rxe3 Re8 20. Nd4
Rxe3 21. Qxe3 Nb8 22. Nb3 b6 23. Nd4 Nf6 24. h3 Qe8 25. Qxe8+ Nxe8 26. f4 g6
27. Kf2 Ke7 28. Kf3 a6 29. g4 h6 30. h4 1/2-1/2

[Event "Schachverband Wuerttemberg 1-Hamburger "]
[Site "?"]
[Date "2012.09.12"]
[Round "3.21"]
[White "Horn, Peter"]
[Black "Frick, Christoph"]
[Result "0-1"]
[WhiteElo "2068"]
[BlackElo "2202"]
[PlyCount "42"]
[EventDate "2012.??.??"]
[WhiteTeam "Hamburger Schachverband 2"]
[BlackTeam "Schachverband Württemberg 1"]

1. d4 g6 2. e4 Bg7 3. c4 d6 4. Nc3 Nc6 5. Nf3 Bg4 6. Be3 e5 7. d5 Nd4 8. Bxd4
exd4 9. Ne2 Bxf3 10. gxf3 c5 11. dxc6 bxc6 12. Bg2 Rb8 13. Qd2 c5 14. Nc1 Qh4
15. Nd3 Nf6 16. f4 O-O 17. O-O-O Bh6 18. Bf3 Nd7 19. Kb1 Ne5 20. Be2 Nxc4 21.
Qc1 Nb6 0-1

[Event "Schachverband Wuerttemberg 1-Hamburger "]
[Site "?"]
[Date "2012.09.12"]
[Round "3.22"]
[White "Hickl, Thomas"]
[Black "Papenbrock, Volker"]
[Result "0-1"]
[WhiteElo "2158"]
[BlackElo "2009"]
[PlyCount "56"]
[EventDate "2012.??.??"]
[WhiteTeam "Schachverband Württemberg 1"]
[BlackTeam "Hamburger Schachverband 2"]

1. Nf3 f5 2. e3 Nf6 3. c4 g6 4. b4 Bg7 5. Bb2 d6 6. d4 O-O 7. Be2 Ne4 8. Nbd2
Nxd2 9. Qxd2 Nd7 10. d5 Nf6 11. Nd4 Qe8 12. Bf3 Bd7 13. b5 a6 14. a4 axb5 15.
axb5 Rxa1+ 16. Bxa1 Ne4 17. Bxe4 fxe4 18. Qc2 Qf7 19. O-O Bf5 20. h3 h5 21. Qc3
Be5 22. Qa5 Bxd4 23. Bxd4 e6 24. b6 cxb6 25. Bxb6 Qe7 26. c5 Bxh3 27. cxd6 Qg5
28. g3 Qg4 0-1

[Event "Schachverband Wuerttemberg 1-Hamburger "]
[Site "?"]
[Date "2012.09.12"]
[Round "3.23"]
[White "Gerigk, Wolf"]
[Black "Weisenburger, Horst"]
[Result "0-1"]
[WhiteElo "1995"]
[BlackElo "2095"]
[PlyCount "136"]
[EventDate "2012.??.??"]
[WhiteTeam "Hamburger Schachverband 2"]
[BlackTeam "Schachverband Württemberg 1"]

1. g3 e5 2. Bg2 f5 3. c4 Nf6 4. Nc3 g6 5. d3 Bg7 6. Nf3 d6 7. O-O O-O 8. Rb1 a5
9. Bd2 Nc6 10. a3 h6 11. b4 axb4 12. axb4 g5 13. b5 Ne7 14. Ra1 Rxa1 15. Qxa1
e4 16. Ne1 Be6 17. Nc2 d5 18. Nd4 Bf7 19. c5 Ng4 20. e3 exd3 21. Qb1 f4 22.
Qxd3 fxe3 23. fxe3 Bg6 24. Rxf8+ Qxf8 25. Qe2 h5 26. Nxd5 Nxd5 27. Bxd5+ Kh8
28. Ne6 Qf6 29. Nxg7 Kxg7 30. Bxb7 Bd3 31. Qe1 Kh6 32. Bc3 Qf5 33. Bd4 Bxb5 34.
h3 Ne5 35. Qf2 Qb1+ 36. Kh2 Ng6 37. e4 c6 38. e5 h4 39. e6 hxg3+ 40. Kxg3 Qb3+
41. Qe3 Qd5 42. Bf6 Nh4 43. Bxg5+ Qxg5+ 44. Qxg5+ Kxg5 45. Bc8 Nf5+ 46. Kf3 Kf6
47. Ke4 Bf1 48. Kf4 Ne7 49. Bd7 Bxh3 50. Bxc6 Nxc6 51. Kg3 Bxe6 52. Kf4 Bd5 53.
Ke3 Ke5 54. Kd3 Kf4 55. Kc3 Ke3 56. Kc2 Nd4+ 57. Kc3 Bc6 58. Kc4 Nb5 59. Kb4
Kd4 60. Ka5 Kxc5 61. Ka4 Bd5 62. Ka5 Bb3 63. Ka6 Nd6 64. Ka5 Nc4+ 65. Ka6 Kc6
66. Ka7 Ba4 67. Ka6 Bb5+ 68. Ka7 Kc7 0-1

[Event "Schachbund Rheinland-Pfalz 2-Landesscha"]
[Site "?"]
[Date "2012.09.12"]
[Round "3.25"]
[White "Wuttke, Hans"]
[Black "Schwertel, Johann"]
[Result "1-0"]
[WhiteElo "2142"]
[BlackElo "1881"]
[Annotator "Jaeger,André"]
[PlyCount "46"]
[EventDate "2012.??.??"]
[WhiteTeam "Landesschachbund Brandenburg 1"]
[BlackTeam "Schachbund Rheinland-Pfalz 2"]

1. c4 c6 2. Nf3 Nf6 3. g3 d5 4. Bg2 e6 5. b3 Be7 6. Bb2 O-O 7. O-O Nbd7 8. d3
a5 9. Nc3 Bb4 10. a3 Bxc3 11. Bxc3 b6 12. b4 axb4 13. axb4 Rxa1 14. Qxa1 Bb7
15. Ne5 Nxe5 16. Bxe5 Qe7 17. Qb2 Ra8 18. Rc1 Ne8 19. cxd5 exd5 20. Bd4 Qd8 21.
Bf3 f6 22. Ra1 Nd6 23. Rxa8 Bxa8 {Notationen im Weiteren unleserlich/
widersprüchlich. 1-0 etwa um den 35.-38. Zug herum.} 1-0

[Event "Schachbund Rheinland-Pfalz 2-Landesscha"]
[Site "?"]
[Date "2012.09.12"]
[Round "3.26"]
[White "Hiller, Joachim"]
[Black "Walter, Guenter"]
[Result "0-1"]
[WhiteElo "1828"]
[BlackElo "2116"]
[PlyCount "82"]
[EventDate "2012.??.??"]
[WhiteTeam "Schachbund Rheinland-Pfalz 2"]
[BlackTeam "Landesschachbund Brandenburg 1"]

1. d4 Nf6 2. c4 d6 3. Nc3 Bf5 4. f3 e5 5. dxe5 dxe5 6. Qxd8+ Kxd8 7. e4 Be6 8.
Be3 c6 9. O-O-O+ Kc7 10. a3 Nbd7 11. Nd5+ cxd5 12. cxd5 Bg4 13. fxg4 Nxg4 14.
Kd2 Bc5 15. Bxc5 Nxc5 16. Ke1 Nxe4 17. Nh3 Ne3 18. Rd3 Nxf1 19. Rxf1 f6 20. Nf2
Nxf2 21. Rxf2 Kd6 22. Rg3 Rhg8 23. Rd2 Rac8 24. b4 Rc4 25. Rgd3 Rgc8 26. Rh3 h6
27. Rg3 R8c7 28. Ke2 Rd4 29. Rgd3 Kxd5 30. Ke3 Rxd3+ 31. Rxd3+ Ke6 32. Rd8 Rc3+
33. Ke2 Rxa3 34. Rb8 b6 35. Rb7 g5 36. Rh7 Ra4 37. b5 Ra5 38. Kf3 h5 39. h4
gxh4 40. Ke4 Rxb5 41. Rxa7 Rb3 0-1

[Event "Schachbund Rheinland-Pfalz 2-Landesscha"]
[Site "?"]
[Date "2012.09.12"]
[Round "3.27"]
[White "Grottke, Hans-Joachim"]
[Black "Neumann, Horst"]
[Result "1-0"]
[WhiteElo "2113"]
[BlackElo "1806"]
[PlyCount "47"]
[EventDate "2012.??.??"]
[WhiteTeam "Landesschachbund Brandenburg 1"]
[BlackTeam "Schachbund Rheinland-Pfalz 2"]

1. e4 g6 2. d4 d6 3. Nc3 Bg7 4. h3 c5 5. d5 a6 6. a4 f5 7. exf5 Bxf5 8. Bd3 Qc8
9. Nge2 c4 10. Bxf5 Qxf5 11. O-O Nd7 12. Nd4 Bxd4 13. Qxd4 Ngf6 14. Bh6 g5 15.
Bg7 Rg8 16. Bxf6 Nxf6 17. Rae1 Kf7 18. Re2 Nd7 19. f4 g4 20. h4 g3 21. Ne4 Qh5
22. Ng5+ Ke8 23. Rfe1 Qxh4 24. Rxe7+ 1-0

[Event "Schachbund Rheinland-Pfalz 2-Landesscha"]
[Site "?"]
[Date "2012.09.12"]
[Round "3.28"]
[White "Bedau, Ernst"]
[Black "Walkewitz, Hubert"]
[Result "1/2-1/2"]
[WhiteElo "1797"]
[BlackElo "2054"]
[Annotator "Jaeger,André"]
[PlyCount "58"]
[EventDate "2012.??.??"]
[WhiteTeam "Schachbund Rheinland-Pfalz 2"]
[BlackTeam "Landesschachbund Brandenburg 1"]

1. e4 c5 2. Nc3 Nc6 3. g3 e6 4. Bg2 Nf6 5. d3 d5 6. f4 d4 7. Nce2 Be7 8. Nf3 b6
9. O-O Bb7 10. h3 h5 11. Nh2 Qc7 12. c3 dxc3 13. bxc3 O-O-O 14. Qc2 Ba6 15. Rd1
Qd7 16. d4 Na5 17. Be3 Qc7 18. Rac1 {(=)} Bb7 19. Nf1 Nc4 20. Bf2 Qc6 21. dxc5
bxc5 22. Qb3 Nb6 23. Nd4 Qa4 24. e5 Nfd5 25. Ne2 Qxb3 26. axb3 Ba6 27. c4 Nb4
28. Nc3 h4 29. g4 Nd3 1/2-1/2

[Event "Hamburger Schachverband 1-LSV Sachsen-A"]
[Site "?"]
[Date "2012.09.12"]
[Round "3.29"]
[White "Kirmas, Joachim"]
[Black "Hess, Christian"]
[Result "1/2-1/2"]
[WhiteElo "1887"]
[BlackElo "2219"]
[Annotator "Jaeger,André"]
[PlyCount "29"]
[EventDate "2012.??.??"]
[WhiteTeam "LSV Sachsen-Anhalt 2"]
[BlackTeam "Hamburger Schachverband 1"]

1. e4 c6 2. Nc3 d5 3. Nf3 Bg4 4. h3 Bxf3 5. Qxf3 Nf6 6. exd5 cxd5 7. Bb5+ Nc6
8. O-O e6 9. d4 Be7 10. Ne2 Qb6 11. Bxc6+ Qxc6 12. c3 O-O 13. Ng3 Rfe8 14. Re1
Nd7 15. Bf4 {(=)} 1/2-1/2

[Event "Hamburger Schachverband 1-LSV Sachsen-A"]
[Site "?"]
[Date "2012.09.12"]
[Round "3.30"]
[White "Jacoby, Gisbert"]
[Black "Just, Joachim"]
[Result "1-0"]
[WhiteElo "2085"]
[BlackElo "1844"]
[Annotator "Jaeger,André"]
[PlyCount "67"]
[EventDate "2012.??.??"]
[WhiteTeam "Hamburger Schachverband 1"]
[BlackTeam "LSV Sachsen-Anhalt 2"]

1. c4 e5 2. Nc3 Nf6 3. Nf3 Nc6 4. e3 d5 5. cxd5 Nxd5 6. Bb5 Nxc3 7. bxc3 Bd6 8.
e4 O-O 9. O-O Bg4 10. h3 Bh5 11. Re1 Qf6 12. g4 Bg6 13. d4 Qe7 14. Bd3 Kh8 15.
Rb1 Rab8 16. Qa4 h5 {(=)} 17. d5 hxg4 18. hxg4 Qf6 19. Kg2 b5 20. Rxb5 Bh7 21.
Rh1 Rxb5 22. Qxb5 Qg6 23. Ng5 f6 24. Rxh7+ Kg8 25. dxc6 fxg5 26. Rh3 Kf7 27.
Rf3+ Ke7 28. Rf5 Rxf5 29. exf5 Qh6 30. Qd5 Qh4 31. Qe6+ Kf8 32. f6 e4 33. Qc8+
Kf7 34. Bc4+ 1-0